000 01380nam a22002417a 4500
003 OSt
005 20160620105529.0
008 150407b2012 slv spa
040 _cBMC
082 _a371.334
100 1 _934181
_aRugamas Galdámez, Iliana María
245 1 0 _aCreación de metodologías didácticas para la enseñanza del uso de tecnologías informáticas en el Centro Escolar San Francisco de Ciudad Arce, depto. La Libertad
_b: Libro de texto para primer ciclo
_cIliana María Rugamas Galdámez, Hortensia Beatriz Salinas Córdova ; asesora, Elica Zuleyma Candray de Alarcon
260 _aSanta Ana (El Salvador)
_bUniversidad Católica de El Salvador
_c2012
300 _a1 folleto (26 h.)
_bil. col.
_c27 cm
_e+ 2 discos compactos
500 _aPrecede al tít.: Universidad Católica de El Salvador, Facultad de Ciencias y Humanidades
502 _aTrabajo de graduación para optar al grado académico de Licenciatura en Ciencias de la Educación con Especialidad en Educación Básica
504 _aIncluye Guía Metodológica con inventario 1032063
650 2 4 _97344
_aEnseñanza asistida por computadora
700 1 _934184
_aSalinas Córdova, Hortensia Beatriz
700 1 _934075
_aCandray de Alarcón, Elica Zuleyma
710 2 _91075
_aUniversidad Católica de El Salvador
_bFacultad de Ciencias y Humanidades
942 _2ddc
_cTG
_hprozim
999 _c20750
_d20750